Advanced engineering mathematics (Record no. 2354)

000 -LEADER
fixed length control field 00457nam a22001937a 4500
001 - CONTROL NUMBER
control field 2354
003 - CONTROL NUMBER IDENTIFIER
control field BD-DhUET
008 - FIXED-LENGTH DATA ELEMENTS--GENERAL INFORMATION
fixed length control field 140922b xxu||||| |||| 00| 0 eng d
020 ## - INTERNATIONAL STANDARD BOOK NUMBER
International Standard Book Number 8121903459
040 ## - CATALOGING SOURCE
Transcribing agency 0
Modifying agency BD-DhUET
082 ## - DEWEY DECIMAL CLASSIFICATION NUMBER
Classification number 510
Item number DAS/2007
100 ## - MAIN ENTRY--PERSONAL NAME
Personal name Dass, H.K.
245 ## - TITLE STATEMENT
Title Advanced engineering mathematics
250 ## - EDITION STATEMENT
Edition statement 17th Rev. ed.
260 ## - PUBLICATION, DISTRIBUTION, ETC. (IMPRINT)
Place of publication, distribution, etc. Ram Nagar
Name of publisher, distributor, etc. S. Chand.
Date of publication, distribution, etc. 2007
300 ## - PHYSICAL DESCRIPTION
Extent xvi,1274p.
650 #0 - SUBJECT ADDED ENTRY--TOPICAL TERM
Topical term or geographic name as entry element Mathematics
942 ## - ADDED ENTRY ELEMENTS (KOHA)
Koha item type General Book
Holdings
Koha full call number Piece designation (barcode) Koha normalized classification for sorting Koha date last seen Koha item type Lost status Price effective from Shelving location Withdrawn status Copy number Source of classification or shelving scheme Date acquired Not for loan Sublocation or collection (holding branch) Location (home branch) Koha date last borrowed Damaged status Koha issues (times borrowed) Koha out on loan
510/DAS/2007103924510DAS20072023-05-06General Book 2014-09-22Circulation section 1 2014-09-22 Central Library, BUETCentral Library, BUET2022-11-23 3 
510/DAS/2007103925510DAS20072026-01-13General Book 2014-09-22Circulation section 2 2014-09-22 Central Library, BUETCentral Library, BUET2026-01-13 62026-01-27
510/DAS/2007103927510DAS20072025-02-10General Book 2014-09-22Circulation section 3 2014-09-22 Central Library, BUETCentral Library, BUET2024-12-01 4 
510/DAS/2007103928510DAS20072023-06-05General Book 2014-09-22Circulation section 4 2014-09-22 Central Library, BUETCentral Library, BUET2023-03-22 3 
510/DAS/2007103929510DAS20072016-02-24General Book 2014-09-22Circulation section 5 2014-09-22 Central Library, BUETCentral Library, BUET2014-11-12 1 
510/DAS/2007103931510DAS20072023-02-28General Book 2014-09-22Circulation section 7 2014-09-22 Central Library, BUETCentral Library, BUET2023-01-11 2 
510/DAS/2007103930510DAS20072026-05-09General Book 2014-09-22Circulation section 6 2014-09-22 Central Library, BUETCentral Library, BUET2026-04-15 3 
510/DAS/2007103922510_000000000000000_DAS_20072019-03-31General Book 2015-01-26Circulation section 8 2015-01-26 Central Library, BUETCentral Library, BUET2019-01-20 2 
510DAS/2007103923510DAS_2007_0000000000000002025-04-07General Book 2015-09-01Circulation section 9 2015-09-01 Central Library, BUETCentral Library, BUET2025-03-02 2 
510/DAS/2007103926510_000000000000000_DAS_20072024-11-24General Book 2017-05-29Circulation section 10 2007-05-28 Central Library, BUETCentral Library, BUET2024-11-24 112024-12-08